|
|
|
|
| LEADER |
02384nam a2200421 a 4500 |
| 001 |
000000020 |
| 005 |
20140220144907.0 |
| 008 |
010917s1804 xo e lat |
| FMT |
|
|
|
| 040 |
|
|
|a SVKKK
|b slo
|c SVKKK
|e AACR2
|
| 041 |
0 |
|
|a lat
|
| 044 |
|
|
|a xo
|c SK
|
| 080 |
|
|
|a 348
|
| 080 |
|
|
|a (082.2)
|
| 130 |
0 |
|
|a Introductio
|
| 245 |
0 |
0 |
|a Introductio In Tyrocinium Vitae Ecclesiasticae :
|b Quae Praerequirit Institutionem Et Exercitationem Circa Rectum Corporis, Eiusque Sensuum Usum Secundum Leges, Et Principia Humanitatis, Et Urbanitatis, Moderationis, Et Modestiae, Honesti, Et Decori; Ut Dein Solidior Moralitas, Et Religiositas Superstrui, Ac Induci Possit. Ita inchoanda est Educatio ecclesiastica! Jussu, Et Impensis Excellentissimi, Ilustrissimi, Ac Reverendissimi Domini Francisci Xaverii Focus M. D. Episcopi Nittriensis, S. C. Et R. Apost. Mai. Act. Int. Stat. Consiliarii.
|
| 260 |
|
|
|a Tyrnaviae :
|b Typis Venceslai Jelinek,
|c Anno 1804
|
| 300 |
|
|
|a 190 s. A/8-L/8,M/7 [=95] list.
|c 8°. 19x13 cm
|
| 500 |
|
|
|a Vineta ornam., linky ozdobné, linky, verz. vo voľ. priestore na 1 r., typograf. ozdoby, kustódy, tlač. pozn. pod textom v lat. jaz.
|
| 501 |
|
|
|a Prív. 1.: FUCHS, F. X.: Moralis Philosophiae ... Posonii 1802. 8°.
|
| 501 |
|
|
|a Prív. 2.: FUCHS, F. X.: Moralis Philosophiae ... Viennae 1804. 8°.
|
| 501 |
|
|
|a Prív. 3.: FUCHS, F. X.: Compendium Institutionis Pastoralis. Tyrnaviae 1804. 8°.
|
| 508 |
|
|
|a Na zl. A/2-A/4 nesignov. úvod.
|
| 510 |
4 |
|
|a Hanakovič I/469; Telgársky-Banská III/1796; Zelliger 165; Radváni 53/332
|
| 561 |
|
|
|a Peč.: Štátna vedecká knižnica v Košiciach; K. K. Rechtsakad. Bibliothek In Kaschau. Tlač. exlibris: Kassai királyi jogakademia Könyvtára Szekrény szám IV Osztályzat g. Rkp.: Seminarii Cassoviensi.
|
| 563 |
|
|
|a Lepenka, hnedá mramor. koža, chrbát so zlát. ornam. slepotlačou a s textom "Tiroc Vitae Eccl Moral Philos Christ Et Compendium Inst Pastor"
|
| 653 |
1 |
|
|a cirkevné právo
|
| 653 |
2 |
|
|a výťahy
|
| 700 |
1 |
|
|a Fuchs, František Xaver,
|d 1744-1807
|4 fnd
|
| 710 |
0 |
|
|a Jelínek, Václav,
|c Trnava
|d 1788-1820
|4 prt
|
| 710 |
0 |
|
|a knižnice - Knižnica Právnickej akadémie
|c Košice
|4 sgn
|
| 752 |
|
|
|a Slovensko
|d Trnava
|
| 852 |
|
|
|p B 956 PA
|
| 904 |
|
|
|a af--y----da------yyyb-1001--
|
| 905 |
|
|
|a bf-a1cb-
|5 -------
|
| 910 |
|
|
|a svkkk
|
| 998 |
|
|
|a TRNTL
|
| BAS |
|
|
|